Scheduling construction projects (Record no. 104451)

MARC details
000 -LEADER
fixed length control field 01029cam a2200229 4500
001 - CONTROL NUMBER
control field ##L130425
008 - FIXED-LENGTH DATA ELEMENTS--GENERAL INFORMATION
fixed length control field 050727n2005 000 0 eng u
020 ## - INTERNATIONAL STANDARD BOOK NUMBER
International Standard Book Number 0131148702
035 ## - SYSTEM CONTROL NUMBER
System control number (Sirsi) u130425
041 0# - LANGUAGE CODE
Language code of text/sound track or separate title eng
050 00 - LIBRARY OF CONGRESS CALL NUMBER
Classification number 690.0685 $2 22
100 1# - MAIN ENTRY--PERSONAL NAME
Personal name Weber, Sandra Christensen
245 00 - TITLE STATEMENT
Title Scheduling construction projects
Remainder of title principles and practices
260 ## - PUBLICATION, DISTRIBUTION, ETC.
Place of publication, distribution, etc. New Jersey
Name of publisher, distributor, etc. Pearson Education
Date of publication, distribution, etc. 2005
300 ## - PHYSICAL DESCRIPTION
Extent xi, 333p, 25cm
350 ## - PRICE (NR) (BK AM CF MU VM SE) [OBSOLETE]
Price 36.99
520 ## - SUMMARY, ETC.
Summary, etc. This American text provides comprehensive coverage of all aspects of planning, scheduling and evaluating construction projects. Covers scheduling basics, resource management, schedule control and advanced and alternate scheduling techniques. Includes advanced topics such as linear scheduling, activity-on-arrow networking, project evaluation and review, resource levelling and scheduling multiple projects.
590 ## - LOCAL NOTE (RLIN)
Local note IKA111005
690 ## - LOCAL SUBJECT ADDED ENTRY--TOPICAL TERM (OCLC, RLIN)
Topical term or geographic name as entry element BUILT ENVIRONMENT-CONSTRUCTION MANAGEMENT-CONSTRUCTION PLANNING
942 ## - ADDED ENTRY ELEMENTS (KOHA)
Suppress in OPAC 0
Holdings
Withdrawn status Lost status Source of classification or shelving scheme Damaged status Not for loan Home library Current library Shelving location Date acquired Cost, normal purchase price Total Checkouts Full call number Barcode Date last seen Date last checked out Copy number Cost, replacement price Price effective from Koha item type
    Dewey Decimal Classification     London London Books 29/09/2005 31.44 11 690.0685 WEB 30071321 06/08/2019 19/10/2009 1 31.44 06/08/2019 Book